Life after loss : (Record no. 530)

MARC details
000 -LEADER
fixed length control field 00678nam a2200229 a 4500
005 - DATE AND TIME OF LATEST TRANSACTION
control field 20260322212023.0
008 - FIXED-LENGTH DATA ELEMENTS--GENERAL INFORMATION
fixed length control field data
010 ## - LIBRARY OF CONGRESS CONTROL NUMBER
LC control number 92-029593
020 ## - INTERNATIONAL STANDARD BOOK NUMBER
International Standard Book Number 1555610498
020 ## - INTERNATIONAL STANDARD BOOK NUMBER
International Standard Book Number 9781555610494
040 ## - CATALOGING SOURCE
Original cataloging agency Donation
092 ## - LOCALLY ASSIGNED DEWEY CALL NUMBER (OCLC)
Classification number 155.9 D45 1992
001 - CONTROL NUMBER
control field data
100 1# - MAIN ENTRY--PERSONAL NAME
Personal name Deits, Bob,
Dates associated with a name 1933-
245 10 - TITLE STATEMENT
Title Life after loss :
Remainder of title a personal guide dealing with death, divorce, job change, and relocation /
Statement of responsibility, etc. Bob Deits.
260 ## - PUBLICATION, DISTRIBUTION, ETC.
Place of publication, distribution, etc. Tucson, Ariz.
Name of publisher, distributor, etc. Fisher Books
Date of publication, distribution, etc. c1992
300 ## - PHYSICAL DESCRIPTION
Extent xv, 238 p. :
Other physical details ill. ;
Dimensions 23 cm.
500 ## - GENERAL NOTE
General note Includes bibliographical references (p. 230-232) and index.
650 #2 - SUBJECT ADDED ENTRY--TOPICAL TERM
Topical term or geographic name entry element Bereavement
General subdivision history
650 #4 - SUBJECT ADDED ENTRY--TOPICAL TERM
Topical term or geographic name entry element Loss (Psychology).
650 #2 - SUBJECT ADDED ENTRY--TOPICAL TERM
Topical term or geographic name entry element Grief
Holdings
Withdrawn status Lost status Damaged status Not for loan Home library Current library Shelving location Date acquired Total checkouts Full call number Barcode Date last seen Price effective from Koha item type
        Pleasant Valley Pleasant Valley General stacks 22/03/2026   GEN BC0010543 22/03/2026 22/03/2026 Books